00393nam a2200109Ia 4500008004100000020001800041100005000059245008100109260002700190650001400217856005200231171212s9999 xx 000 0 und d a9780833076847 aDixon, Lloyd;Clancy, Noreen;Kumar, Krishna B. cDixon, Lloyd;Clancy, Noreen;Kumar, Krishna B.aHedge Funds and Systemic Risk bRAND Corporationc2012 aEconomics uhttp://www.jstor.org/stable/10.7249/j.ctt1q60xr